000 00669nam a2200193Ia 4500
005 20250508170145.0
008 008 250505s9999 xx 000 0 eng d
037 _aTextual
040 _aFEDL
_beng
_cFEDL
041 _aeng
_2eng
084 _a371.1, OEC
_qFEDL
245 0 _aTeachers for tomorrow;s schools: Analysis of the world education indicators
245 0 _cOrganisation for Economic Co- Operation and Development
260 _aParis, France
_bUnited Nations Educational, Scientific and Cultural Organization
_c2001
300 _a225p.
546 _aGifted by Prof. Poonam Batra
942 _cTEXL
_h371.1, OEC
999 _c1399516
_d1399516